000
00400 a2200133 4500
003
OSt
005
20260211144132.0
008
260211b |||||||| |||| 00| 0 eng d
100
_a
कुलकर्णी अ.
245
_a
संतमाला
260
_b
भारतीय विचार साधना प्रकाशन
_c
2015
_a
पुणे
300
_a
16pp
942
_c
BK
_2
ddc
999
_c
370229
_d
370229